[Event "4th Chennai Open"]
[Site "Chennai IND"]
[Date "2012.01.06"]
[Round "4"]
[White "Rathnakaran,K"]
[Black "Ramnathan,B"]
[Result "1-0"]
[WhiteElo "2403"]
[BlackElo "2255"]

1.e4 d6 2.d4 Nf6 3.Nc3 Nbd7 4.f4 e6 5.Nf3 Be7 6.Bd3 O-O 7.O-O c5 8.e5 Ne8
9.d5 exd5 10.Nxd5 Nb6 11.Nxe7+ Qxe7 12.c4 Bg4 13.Qc2 g6 14.b3 Bxf3 15.Rxf3 dxe5
16.fxe5 Ng7 17.Bb2 Ne6 18.Qf2 Rad8 19.Re1 Rd7 20.Bc3 Rfd8 21.Bc2 Na8 22.h4 Nac7
23.h5 Nd4 24.Rh3 Nxc2 25.Qxc2 Ne6 26.hxg6 fxg6 27.Rf3 Qg5 28.Rf6 Qg4 29.Qe2 Qxe2
30.Rxe2 Re8 31.Bd2 Rf7 32.Ref2 Rxf6 33.Rxf6 Kg7 34.Kh2 h5 35.b4 b6 36.b5 Nd4
37.Rd6 Kf7 38.Rd5 Ne6 39.a4 Rd8 40.Kg3 Ke8 41.Kf3 Rd7 42.Ke4 Ke7 43.Be3 Rd8
44.a5 Rd7 45.a6 Rd8 46.Bf2 Ng5+ 47.Ke3 Ne6 48.Bg3 Rd7 49.Rd6 g5 50.Ke4 h4
51.Bh2 g4 52.Kf5 g3 53.Rxe6+ Kf7 54.Bxg3 hxg3 55.Rxb6 Rd2 56.Rb7+ Kf8 57.b6  1-0

[Event "17th Bosnjaci Open"]
[Site "Bosnjaci CRO"]
[Date "2012.01.07"]
[Round "7.2"]
[White "Biti,O"]
[Black "Jovanovic,Zo CRO"]
[Result "1/2-1/2"]
[WhiteElo "2406"]
[BlackElo "2556"]

1.e4 d6 2.d4 Nf6 3.Nc3 e5 4.dxe5 dxe5 5.Qxd8+ Kxd8 6.Bc4 Ke8 7.Nf3 Bd6 8.Ng5 Rf8
9.f4 Nbd7 10.Nb5 h6 11.Nxd6+ cxd6 12.Nf3 Nxe4 13.O-O Nb6 14.Bd3 Nc5 15.fxe5  1/2-1/2

[Event "TCh-CZE Extraliga 2011-12"]
[Site "Czech Republic CZE"]
[Date "2012.01.07"]
[Round "5.4"]
[White "Rausis,I"]
[Black "Neuman,P"]
[Result "1/2-1/2"]
[WhiteElo "2497"]
[BlackElo "2463"]

1.e4 d6 2.d4 Nf6 3.Nc3 e5 4.dxe5 dxe5 5.Qxd8+ Kxd8 6.Bc4 Ke8 7.Nge2 c6 8.Bg5 Bd6
9.O-O-O Bc7 10.Ng3 h6 11.Bxf6 gxf6 12.Nf5 Nd7 13.f3 a5 14.a4 Nc5 15.b3 Be6
16.Ne3 h5 17.g3  1/2-1/2

[Event "TCh-CZE Extraliga 2011-12"]
[Site "Czech Republic CZE"]
[Date "2012.01.07"]
[Round "5.8"]
[White "Firt,S"]
[Black "Marsalek,Z"]
[Result "1-0"]
[WhiteElo "2294"]
[BlackElo "2257"]

1.e4 d6 2.d4 Nf6 3.Nc3 e5 4.Nge2 Nbd7 5.h3 c6 6.g4 g6 7.Bg2 Bg7 8.Be3 O-O
9.O-O Qe7 10.Ng3 exd4 11.Bxd4 Nc5 12.f4 Ne6 13.Be3 d5 14.e5 Nd7 15.Nce2 Nc7
16.Qd2 Re8 17.Bf2 f6 18.exf6 Nxf6 19.Rae1 Bd7 20.Nd4 Qf8 21.Nf3 Rad8 22.Ne5 Nb5
23.g5 Ne4 24.Nxe4 Bxe5 25.fxe5 dxe4 26.Bb6 Bf5 27.Bxd8 Rxd8 28.Qe3 Rd5 29.a4 Nc7
30.Bxe4 Rxe5 31.Qb3+ Kh8 32.Qc3 Qc5+ 33.Qxc5 Rxc5 34.Bxf5 gxf5  1-0

[Event "17th Bosnjaci Open"]
[Site "Bosnjaci CRO"]
[Date "2012.01.08"]
[Round "8.2"]
[White "Zaja,I"]
[Black "Jovanovic,Zo CRO"]
[Result "1/2-1/2"]
[WhiteElo "2515"]
[BlackElo "2556"]

1.d4 d6 2.e4 Nf6 3.Nc3 e5 4.Nf3 Nbd7 5.Bc4 Be7 6.O-O O-O 7.Re1 c6 8.a4 a5
9.h3 Nb6 10.Ba2 Nfd7 11.Be3 exd4 12.Bxd4 Nc5 13.Bxc5 dxc5 14.Qe2 Qd6 15.Rad1 Qh6
16.Ne5 Qg5 17.Nf3 Qh6 18.Ne5 Qg5 19.Nf3 Qh6  1/2-1/2

[Event "XXI Paul Keres Memorial Rapid"]
[Site "Tallinn EST"]
[Date "2012.01.08"]
[Round "1"]
[White "Kulaots,K"]
[Black "Seeman,T"]
[Result "1-0"]
[WhiteElo "2581"]
[BlackElo "2399"]

1.e4 d6 2.d4 Nf6 3.Nc3 e5 4.Nf3 Nbd7 5.Bc4 Be7 6.O-O O-O 7.a4 exd4 8.Nxd4 Re8
9.Re1 Bf8 10.Bg5 h6 11.Bh4 Ne5 12.Bf1 a6 13.Nd5 g5 14.Nxf6+ Qxf6 15.Bg3 Ng6
16.c3 Bd7 17.Nc2 Bc6 18.f3 h5 19.Bf2 Rad8 20.Bd4 Ne5 21.Ne3 Qg6 22.b4 Bd7
23.b5 axb5 24.axb5 c6 25.c4 Be6 26.Ra7 Rd7 27.Kh1 Bh6 28.Qe2 g4 29.Qf2 gxf3
30.gxf3 Kh7 31.f4 Ng4 32.Nxg4 Qxg4 33.Be3 cxb5 34.cxb5 f6 35.Be2 Qh3 36.Rg1 Rg8
37.Rxg8 Kxg8 38.Qg3+ Qxg3 39.hxg3 d5 40.f5 Bxe3 41.Ra8+ Kf7 42.Bxh5+ Ke7
43.Re8+ Kd6 44.Rxe6+ Kc5 45.exd5 Bd4 46.Kg2 Kxb5 47.Be8  1-0

[Event "37th Seville Open"]
[Site "Seville ESP"]
[Date "2012.01.09"]
[Round "3"]
[White "Van der Weide,K"]
[Black "Gallardo Fernandez,C"]
[Result "1-0"]
[WhiteElo "2445"]
[BlackElo "2209"]

1.e4 d6 2.d4 Nf6 3.Nc3 e5 4.Nf3 Nbd7 5.g3 Be7 6.Bg2 O-O 7.O-O c6 8.a4 Qc7
9.h3 b6 10.Be3 Bb7 11.Nd2 exd4 12.Bxd4 d5 13.exd5 Nxd5 14.Nxd5 cxd5 15.Re1 Bf6
16.Nf3 Rac8 17.c3 Qd6 18.a5 Nc5 19.axb6 axb6 20.Bxf6 Qxf6 21.Qd4 Qxd4 22.Nxd4 Ra8
23.Nf5 Rfd8 24.Rad1 Kf8 25.b4 Ne4 26.c4 g6 27.Nd4 Rab8 28.b5 Nd6 29.Rc1 dxc4
30.Nc6 Nxb5 31.Nxb8 Rxb8 32.Bxb7 Rxb7 33.Rxc4 Nd6 34.Rc6 Nf5 35.Rb1 b5 36.g4 Nd4
37.Rd6 Ne2+ 38.Kf1 Nf4 39.h4 Ke7 40.Rd4 Ne6 41.Re4 Kd6 42.Ke2 Kc5 43.Ke3 Nc7
44.Rc1+ Kd6 45.Rd4+ Nd5+ 46.Ke4 Re7+ 47.Kd3 Ra7 48.Rc8 Ra3+ 49.Ke4 f5+ 50.gxf5 gxf5+
51.Kxf5 Rf3+ 52.Kg4  1-0

[Event "37th Seville Open"]
[Site "Seville ESP"]
[Date "2012.01.09"]
[Round "3"]
[White "Rzayev,B"]
[Black "Haslinger,S"]
[Result "0-1"]
[WhiteElo "2308"]
[BlackElo "2534"]

1.e4 d6 2.d4 Nf6 3.Nc3 e5 4.dxe5 dxe5 5.Qxd8+ Kxd8 6.Bc4 Ke8 7.Bg5 Nbd7 8.O-O-O Bd6
9.f3 a6 10.a4 h6 11.Bh4 Be7 12.Bg3 c6 13.Nge2 b5 14.Bb3 Nh5 15.Bf2 Nc5 16.g4 Nf6
17.Bxc5 Bxc5 18.Kd2 Ke7 19.Nc1 h5 20.Nd3 Bd6 21.g5 Nh7 22.Rhg1 Nf8 23.axb5 axb5
24.Ra1 Ba6 25.Ra2 Nd7 26.Rga1 Bb7 27.Ra7 Rhb8 28.Ne2 c5 29.Bd5 Bxd5 30.exd5 Rxa7
31.Rxa7 c4 32.Ndc1 Bc5 33.Ra6 Rb6 34.Rxb6 Nxb6 35.Nc3 Bb4 36.Na2 Bxc3+ 37.Nxc3 b4
38.Ne4 Nxd5 39.b3 cxb3 40.cxb3 Nf4 41.Nc5 Ne6 42.Nd3 Nxg5 43.Ke3 Kd6 44.Nxb4 Ne6
45.Nd3 g5 46.Ke4 Ng7 47.Nb2 f5+ 48.Kd3 Kd5 49.Nc4 e4+ 50.fxe4+ fxe4+ 51.Ke2 Nf5
52.Nb6+ Ke5 53.Nd7+ Kf4 54.b4 Nd4+ 55.Kf2 g4 56.Kg2 h4 57.Nf6 h3+ 58.Kf1 e3
59.Nd7 g3  0-1

[Event "50th TCh-DEN XtraCon 2011-12"]
[Site "Denmark DEN"]
[Date "2012.01.14"]
[Round "4.2"]
[White "Rasmussen,A"]
[Black "Jaksland,T"]
[Result "1-0"]
[WhiteElo "2541"]
[BlackElo "2306"]

1.e4 d6 2.d4 Nf6 3.Nc3 e5 4.Nf3 exd4 5.Nxd4 Be7 6.Be2 O-O 7.O-O c5 8.Nb3 Nc6
9.f4 a5 10.a4 Nb4 11.Bf3 Qb6 12.Nd2 Re8 13.Nc4 Qd8 14.g4 Be6 15.Ne3 h6 16.h4 Bf8
17.g5 hxg5 18.hxg5 Nh7 19.Bg2 Bd7 20.Ne2 Bg4 21.Nxg4  1-0

[Event "11th Prague Open A"]
[Site "Prague CZE"]
[Date "2012.01.14"]
[Round "2"]
[White "Suran,J"]
[Black "Umanec,F"]
[Result "0-1"]
[WhiteElo "2360"]
[BlackElo "2185"]

1.e4 d6 2.d4 Nf6 3.Nc3 Nbd7 4.Nf3 e5 5.Bc4 Be7 6.O-O O-O 7.Re1 c6 8.a4 b6
9.Ba2 a6 10.h3 Rb8 11.Bg5 Nh5 12.Be3 g6 13.Bh6 Ng7 14.Qe2 Qc7 15.Rad1 b5
16.dxe5 dxe5 17.Ng5 Nc5 18.axb5 axb5 19.Qf3 b4 20.Nb1 b3 21.cxb3 Rb4 22.Qc3 Qb8
23.Na3 Bxg5 24.Bxg7 Kxg7 25.Qxc5 Re8 26.Nc4 Re6 27.Nd2 Rb5 28.Qc2 Be7 29.b4 Rf6
30.Bc4 Rxb4 31.b3 Bc5 32.Re2 Qa7 33.Nf3 Rxf3 34.gxf3 Qe7 35.f4 Qh4 36.Qc3 Qxf4
37.Rd3 Rb7 38.Rf3 Qg5+ 39.Rg3 Qh5 40.Ba6 Bd4 41.Qf3 Rxb3 42.Qxb3 Bxa6 43.Ra2 Bc8
44.Qf3 Qh6 45.Rc2 c5 46.Kg2 Bb7 47.Qg4 Qf4 48.Qxf4 exf4 49.Rgc3 Bxe4+ 50.f3 Bxc2
51.Rxc2 Kf6 52.Kf1 h5 53.Ra2 Kf5 54.Ra7 f6 55.Rc7 g5 56.Ke2 g4 57.hxg4+ hxg4
58.fxg4+ Ke4 59.Re7+ Be5 60.Rg7 f3+ 61.Kf1 c4 62.Rg8 c3 63.Rc8 Bd4  0-1

[Event "TCh-SVK Extraliga 2011-12"]
[Site "Slovakia SVK"]
[Date "2012.01.14"]
[Round "5"]
[White "Csiba,D"]
[Black "Jurcik,Mart"]
[Result "0-1"]
[WhiteElo "2357"]
[BlackElo "2355"]

1.e4 d6 2.d4 Nf6 3.Nc3 e5 4.Nf3 Nbd7 5.Bc4 Be7 6.O-O O-O 7.Re1 c6 8.a4 a5
9.Bg5 h6 10.Bh4 Nh5 11.Nxe5 dxe5 12.Bxe7 Qxe7 13.Qxh5 exd4 14.Ne2 Ne5  0-1

[Event "TCh-BEL 2011-12"]
[Site "Belgium BEL"]
[Date "2012.01.15"]
[Round "6.4"]
[White "Veltkamp,G"]
[Black "Mladenov,Sv"]
[Result "1/2-1/2"]
[WhiteElo "2207"]
[BlackElo "2450"]

1.e4 d6 2.d4 Nf6 3.Nc3 e5 4.Nf3 Nbd7 5.Bc4 Be7 6.O-O O-O 7.Re1 a6 8.a4 b6
9.Nd5 Bb7 10.b3 Nxd5 11.exd5 exd4 12.Bb2 Ne5 13.Bxd4 Nxc4 14.bxc4 Qd7 15.Ra3 Rfe8
16.Nd2 Bg5 17.Ne4 Bf4 18.Rf3 Be5 19.c3 b5 20.axb5 axb5 21.Qb1 f5 22.Nc5 dxc5
23.Bxe5 bxc4 24.Qxb7 Rab8 25.Qa7 Ra8 26.Qb7 Rab8 27.Qa7 Ra8  1/2-1/2

[Event "4NCL 2011-12"]
[Site "Hinckley ENG"]
[Date "2012.01.15"]
[Round "4.85"]
[White "Hunt,D"]
[Black "Smallbone,K"]
[Result "1-0"]
[WhiteElo "2043"]
[BlackElo "2219"]

1.e4 d6 2.d4 Nf6 3.Nc3 c6 4.Be3 Nbd7 5.Qd2 e5 6.Nf3 Be7 7.O-O-O b5 8.Bd3 Bb7
9.dxe5 dxe5 10.Nxb5 cxb5 11.Bxb5 O-O 12.Bxd7 Nxe4 13.Qd3 Qc7 14.Qb3 Bd6 15.Bb5 a6
16.Bc4 Rab8 17.Bb6 Qe7 18.Qe3 Rfc8 19.Bb3 Ba8 20.Ba7 Rb5 21.Nd2 Nc5 22.Nc4 Nxb3+
23.axb3 Bc7 24.Qh3 Rd8 25.Rxd8+ Bxd8 26.Rd1 Bd5 27.Qc8 Qc7 28.Qxc7 Bxc7 29.Bb6 Bxb6
30.Nxb6 Rxb6 31.Rxd5  1-0

[Event "4NCL 2011-12"]
[Site "Hinckley ENG"]
[Date "2012.01.15"]
[Round "4.46"]
[White "Stewart,Joseph J"]
[Black "Berry,N"]
[Result "1/2-1/2"]
[WhiteElo "2101"]
[BlackElo "2312"]

1.e4 d6 2.d4 Nf6 3.Nc3 e5 4.Nf3 Nbd7 5.Bc4 Be7 6.O-O O-O 7.a4 c6 8.Qe2 h6
9.Rd1 Qc7 10.dxe5 Nxe5 11.Nxe5 dxe5 12.h3 Bb4 13.Na2 Bd6 14.c3 a5 15.f3 Nh5
16.Be3 Nf4 17.Qf2 Be6 18.Bxe6 Nxe6 19.Nc1 f5 20.Qc2 f4 21.Bf2 Bc5 22.Qb3 Bxf2+
23.Kxf2 Rfe8 24.Nd3 Kh7 25.Rd2 Rad8 26.Rad1 Rxd3 27.Rxd3 Nc5 28.Qc2 Nxd3+
29.Rxd3 Rd8 30.Rxd8  1/2-1/2

[Event "4NCL 2011-12"]
[Site "Hinckley ENG"]
[Date "2012.01.15"]
[Round "4.47"]
[White "Coleman,D"]
[Black "Curtis,J ENG"]
[Result "1/2-1/2"]
[WhiteElo "2244"]
[BlackElo "2116"]

1.e4 d6 2.d4 Nf6 3.Nc3 e5 4.Nf3 Nbd7 5.Bc4 Be7 6.O-O O-O 7.Qe2 exd4 8.Nxd4 Ne5
9.Bb3 c5 10.Nf5 Bxf5 11.exf5 Qd7 12.f4 Nc6 13.g4 d5 14.g5 c4 15.gxf6 Bxf6
16.Ba4 Qxf5 17.Bxc6 bxc6 18.Nd1 Rfe8 19.Qg2 Re4 20.Bd2 Rae8 21.Nc3 R4e6 22.Rae1 Bxc3
23.Bxc3 f6 24.Qf2 Qg4+ 25.Qg3 Qf5 26.Qf2 Qg4+ 27.Qg3  1/2-1/2

[Event "10th Parsvnath Open"]
[Site "New Delhi IND"]
[Date "2012.01.17"]
[Round "4"]
[White "Minnekhanov,E"]
[Black "Koshy,V"]
[Result "0-1"]
[WhiteElo "1967"]
[BlackElo "2276"]

1.e4 d6 2.d4 Nf6 3.Nc3 e5 4.Nf3 Nbd7 5.Bc4 Be7 6.O-O O-O 7.Qe2 c6 8.h3 exd4
9.Nxd4 Re8 10.Bg5 Bf8 11.Qd2 h6 12.Bh4 Ne5 13.Bb3 Ng6 14.Bg3 Nxe4 15.Nxe4 Rxe4
16.Qd3 d5 17.c4 Bc5 18.Ne2 Be6 19.Rad1 Qg5 20.Qc2 Rxe2 21.Qxe2 Qxg3 22.Rd3 Nf4
23.Qf3 Nxh3+ 24.Kh1 Nxf2+  0-1

[Event "5th Gora Swietej Anny"]
[Site "Gora Swietej Anny POL"]
[Date "2012.01.18"]
[Round "8.1"]
[White "Zmarzly,A"]
[Black "Malaniuk,V"]
[Result "0-1"]
[WhiteElo "2046"]
[BlackElo "2512"]

1.e4 d6 2.d4 Nf6 3.Nc3 Nbd7 4.Nf3 e5 5.Bc4 Be7 6.O-O O-O 7.dxe5 dxe5 8.Qe2 c6
9.a4 a5 10.Bg5 h6 11.Bxf6 Bxf6 12.Rad1 Qe7 13.Nd2 Qb4 14.Bb3 Nc5 15.Na2 Qb6
16.Nc4 Qa6 17.Qh5 Be6 18.Nxe5 Nxb3 19.cxb3 Bxe5 20.Qxe5 Bxb3 21.Ra1 Rfe8
22.Qc5 Bxa2 23.Rxa2 Rxe4 24.Raa1 Qc4 25.Qb6 Qb4 26.Qc7 Re7 27.Qg3 Qxb2 28.Rab1 Qd4
29.Qa3 Rae8  0-1

[Event "10th Parsvnath Open"]
[Site "New Delhi IND"]
[Date "2012.01.18"]
[Round "6"]
[White "Kathmale,S"]
[Black "Palit,S"]
[Result "1/2-1/2"]
[WhiteElo "2207"]
[BlackElo "2399"]

1.e4 d6 2.d4 Nf6 3.Nc3 e5 4.Nf3 Nbd7 5.g3 Be7 6.Bg2 c6 7.a4 O-O 8.O-O b6
9.b3 a6 10.Bb2 Bb7 11.Re1 Qc7 12.Qd2 Rfe8 13.h3 Rad8 14.d5 cxd5 15.Nxd5 Nxd5
16.exd5 Rc8 17.c4 Nc5 18.Qe3 b5 19.axb5 axb5 20.Nd2 bxc4 21.Nxc4 Rb8 22.Rec1 Qd8
23.h4 Ra8 24.Ba3 Na6 25.b4 Nc7 26.Rd1 Nb5 27.Na5 Qd7 28.Bb2 Bf6 29.Kh2 Nd4
30.Rdc1 Qb5 31.Nc6 Rxa1 32.Bxa1 Kh8 33.Qe4  1/2-1/2

[Event "74th Tata Steel GMC"]
[Site "Wijk aan Zee NED"]
[Date "2012.01.19"]
[Round "5"]
[White "Paehtz,E"]
[Black "Hopman,P"]
[Result "1/2-1/2"]
[WhiteElo "2454"]
[BlackElo "2342"]

1.e4 d6 2.d4 Nf6 3.Nc3 e5 4.dxe5 dxe5 5.Qxd8+ Kxd8 6.Bg5 Be6 7.f4 exf4 8.Nf3 h6
9.Bxf4 Bb4 10.O-O-O+ Nbd7 11.Nb5 Ba5 12.Bd3 Ng4 13.Rhf1 g5 14.Bd2 Bxd2+ 15.Rxd2 a6
16.Nbd4 Ke7 17.h4 Rhg8 18.hxg5 hxg5 19.Rh1 Rh8 20.Rxh8 Rxh8 21.Nxg5 Rh1+
22.Rd1 Rxd1+ 23.Kxd1 Ne3+ 24.Kd2  1/2-1/2

[Event "Frauenbundesliga 2011-12"]
[Site "Germany GER"]
[Date "2012.01.22"]
[Round "7.4"]
[White "Zakurdjaeva,I"]
[Black "Moser,E"]
[Result "0-1"]
[WhiteElo "2263"]
[BlackElo "2432"]

1.e4 d6 2.d4 Nf6 3.Nc3 Nbd7 4.Nf3 e5 5.Bc4 Be7 6.O-O O-O 7.Re1 c6 8.a4 a5
9.h3 h6 10.b3 Re8 11.Bb2 Qc7 12.dxe5 dxe5 13.Nh4 Nb6 14.Bf1 Nh7 15.Nf5 Bxf5
16.exf5 Bb4 17.Qf3 Nf6 18.Ne4 Nbd5 19.c3 Bf8 20.c4 Nxe4 21.Qxe4 Nf6 22.Qe3 Nd7
23.Rad1 Bb4 24.Re2 f6 25.Qg3 Nc5 26.Bc1 Kf8 27.Qh4 Qf7 28.Re3 Rad8 29.Be2 Rxd1+
30.Bxd1 Rd8 31.Bh5 Qd7 32.Qg4 Nd3 33.Rxd3 Qxd3 34.Qg6 Kg8 35.Qf7+ Kh8 36.Bxh6 Bf8
37.Be3 Qd7 38.Qg6 Bb4 39.Be2 Qe8 40.Qg4 b6 41.Bxb6 Rd7 42.Qh4+ Kg8 43.Bh5 Qb8
44.Be3 Kf8 45.Bf3 Ke7 46.Bxc6 Rc7 47.Bd5 Kd6 48.Qg3 Bc5 49.Bd2 Bb4 50.Bc1 Qb6
51.Kh2 Bc5 52.f4 e4 53.Bxe4 Re7 54.Qd3+ Kc7 55.Bd2 Bb4 56.Bxb4 Qxb4 57.Qd5 Rd7
58.Qc6+ Kd8 59.Bd5 Qxb3 60.Qa8+ Ke7 61.Qg8 Qc3 62.Qxg7+ Kd6 63.Qf8+ Kc7 64.Qc5+ Kd8
65.Qb6+ Kc8 66.Qe6 Kc7 67.Qe4 Kd8 68.Qf3 Qd4 69.Be6 Rd6 70.Qa8+ Ke7 71.Qb7+ Kd8
72.Qc8+ Ke7 73.Qc7+ Ke8 74.Qf7+ Kd8 75.Qf8+ Kc7 76.Qc8+ Kb6 77.Qb8+ Kc6 78.Qb5+ Kc7
79.Qxa5+ Kb8 80.Qe1 Rb6 81.Bd5 Rb2 82.Qe8+ Kc7 83.Qe7+ Kc8 84.Qe4 Qf2 85.Qe6+ Kb8
86.Qd6+ Kc8 87.Qf8+ Kc7 88.Qg7+ Kb8 89.a5 Rb1 90.Qf8+ Kc7 91.Qe7+ Kc8 92.Be6+ Kb8
93.Qd8+ Ka7 94.Qc7+ Rb7 95.Qd6 Rb3 96.Qe7+ Rb7 97.Qa3 Rb1 98.Qf3 Qg1+ 99.Kg3 Re1
100.Qf2+ Re3+ 101.Qxe3+ Qxe3+ 102.Kg4 Qe2+ 103.Kg3 Ka6 104.Bd5 Kxa5 105.h4 Kb4
106.Bf7 Qe7 107.Be6 Kc5 108.h5 Qg7+ 109.Kf3 Kd4 110.g3 Qh6 111.g4 Qg7 112.Bd5 Qh7
113.Be6 Qb7+ 114.Bd5 Qb3+ 115.Kg2 Qe3 116.g5 Qxf4 117.g6 Qg4+ 118.Kf2 Qxf5+
119.Bf3 Qg5 120.Be2 f5  0-1

[Event "11th Marienbad Open"]
[Site "Marianske Lazne CZE"]
[Date "2012.01.22"]
[Round "2"]
[White "Khamidov,K"]
[Black "Panos,J"]
[Result "0-1"]
[WhiteElo "2072"]
[BlackElo "1869"]

1.e4 d6 2.d4 Nf6 3.Nc3 c6 4.f4 Qa5 5.Bd3 e5 6.Nf3 Bg4 7.Be3 exf4 8.Bxf4 Qb6
9.Qd2 Bxf3 10.gxf3 Qxd4 11.O-O-O Nbd7 12.Qe2 Qc5 13.Rhg1 O-O-O 14.Be3 Qa5
15.Rg5 c5 16.f4 h6 17.Rgg1 a6 18.e5 dxe5 19.fxe5 Nxe5 20.Bf5+ Ned7 21.Bf4 g6
22.Bxd7+ Nxd7 23.Rxd7 Rxd7 24.Qe5 Qc7 25.Qf6 Bg7 26.Bxc7 Bxf6 27.Bb6 Bd4
28.Re1 c4 29.Na4 Kb8 30.Ba5 b5 31.Nc3 Kb7 32.Ne4 f5 33.Nd2 Bb6 34.Bc3 Rhd8
35.b3 cxb3 36.Nxb3 f4 37.Rf1 g5 38.h4 g4 39.Na5+ Bxa5 40.Bxa5 Rf8 41.Bd2 g3  0-1

[Event "Queenstown Classic"]
[Site "Queenstown NZL"]
[Date "2012.01.23"]
[Round "9.53"]
[White "Press,Harry"]
[Black "Mitchell,R"]
[Result "0-1"]
[WhiteElo "1884"]
[BlackElo "1672"]

1.e4 d6 2.d4 Nf6 3.Nc3 Nbd7 4.Nf3 e5 5.Bc4 Be7 6.Bxf7+ Kxf7 7.Ng5+ Kg8 8.Ne6 Qe8
9.Nxc7 Qg6 10.Kf1 Rb8 11.dxe5 Nxe5 12.N3d5 Nxd5 13.Qxd5+ Qf7 14.f4 Nc6 15.Qxf7+ Kxf7
16.Be3 Rf8 17.h3 b6 18.Ke2 Bb7 19.Rhf1 Nb4 20.c3 Nc2 21.Rac1 Nxe3 22.Kxe3 Rbc8
23.Nd5 Bh4 24.Rcd1 Rfe8  0-1

[Event "11th Marienbad IMB2"]
[Site "Marianske Lazne CZE"]
[Date "2012.01.24"]
[Round "4"]
[White "Pon,N"]
[Black "Plat,V"]
[Result "0-1"]
[WhiteElo "2108"]
[BlackElo "2425"]

1.e4 d6 2.d4 Nf6 3.Nc3 e5 4.Nf3 Nbd7 5.Bc4 Be7 6.O-O O-O 7.a4 c6 8.h3 Qc7
9.Be3 b6 10.Nd2 Bb7 11.Ba2 a6 12.f4 b5 13.Qf3 exd4 14.Bxd4 b4 15.Ne2 c5 16.Bf2 c4
17.Ng3 d5 18.e5 Ne8 19.Nf5 Bc5 20.Nd4 g6 21.Rad1 Ng7 22.c3 b3 23.Bb1 f6 24.exf6 Rxf6
25.Bh4 Rf7 26.Kh1 Bxd4 27.cxd4 Raf8 28.g3 Nb6 29.Rde1 Nxa4 30.Re5 Nxb2 31.Qc3 Na4
32.Qb4 Qd7 33.Kh2 Qb5 34.Qxb5 axb5 35.Rfe1 Nc3  0-1

[Event "11th Marienbad IMB1"]
[Site "Marianske Lazne CZE"]
[Date "2012.01.24"]
[Round "4"]
[White "Neuman,P"]
[Black "Bhakti,K"]
[Result "1-0"]
[WhiteElo "2459"]
[BlackElo "2258"]

1.d4 d6 2.Nc3 Nf6 3.e4 e5 4.Nf3 exd4 5.Nxd4 Be7 6.g3 O-O 7.Bg2 Re8 8.O-O Na6
9.h3 Bf8 10.Re1 Nc5 11.Nb3 Ncd7 12.f4 c6 13.Be3 Qc7 14.a4 b6 15.g4 Nc5 16.Nd2 a5
17.g5 Nfd7 18.Nf1 Bb7 19.Ng3 Rad8 20.Qd2 Nb8 21.Rad1 Nba6 22.Qf2 Nb4 23.Kh2 Qb8
24.b3 d5 25.exd5 Nxd5 26.Nxd5 cxd5 27.Kh1 Rd7 28.Bd4 Rxe1+ 29.Rxe1 Ne6 30.Be5 Bd6
31.Bxd6 Qxd6 32.f5 Nf8 33.Rd1 Qb4 34.Qd4 Rc7 35.Qxb4 axb4 36.Rd2 f6 37.gxf6 gxf6
38.Nh5 Nd7 39.Be4 Ne5 40.Bxd5+ Bxd5+ 41.Rxd5 Rc5 42.Nxf6+ Kg7 43.Nd7  1-0

[Event "74th Tata Steel GMC"]
[Site "Wijk aan Zee NED"]
[Date "2012.01.24"]
[Round "9"]
[White "Adhiban,Baskaran"]
[Black "Hopman,P"]
[Result "1-0"]
[WhiteElo "2561"]
[BlackElo "2342"]

1.e4 d6 2.d4 Nf6 3.Nc3 e5 4.Nf3 Nbd7 5.g4 Nxg4 6.Rg1 Ngf6 7.Bc4 h6 8.Be3 c6
9.dxe5 dxe5 10.Qd3 b5 11.Bb3 Qa5 12.O-O-O Ba6 13.Nd2 c5 14.Nd5 c4 15.Nxf6+ Nxf6
16.Nxc4 bxc4 17.Bxc4 Bxc4 18.Qxc4 Rd8 19.Qc6+ Nd7 20.Kb1 Qb4 21.Rd3 Qe7 22.Rgd1 Qe6
23.Qa4 Be7 24.c4 f5 25.f3 fxe4 26.fxe4 Rf8 27.c5 Rf6 28.Qxa7 Qc6 29.Rd5 Rf3
30.Bg1 Rf4 31.Qa3 Rxe4 32.Qg3 g5 33.Qf3 Rf4 34.Qh5+ Rf7 35.a3 Qe6 36.Be3 Qf5+
37.Ka1 Qf3 38.Qg6 Qf6 39.Qe4 Qc6 40.h4 Qe6 41.hxg5 hxg5 42.Qa4 Rf6 43.Bxg5 Rf1
44.Rxf1 Qxd5 45.Bxe7 Kxe7 46.Qh4+ Ke8 47.Qh5+ Ke7 48.Qg5+ Ke8 49.Qg6+ Ke7
50.Qg7+ Ke8 51.c6  1-0

[Event "Gibraltar Open"]
[Site "Caleta ENG"]
[Date "2012.01.25"]
[Round "2.98"]
[White "Ranaivoharisoa,A"]
[Black "Zachariassen,J"]
[Result "0-1"]
[WhiteElo "2135"]
[BlackElo "1949"]

1.e4 d6 2.d4 Nf6 3.Nc3 Nbd7 4.Nf3 e5 5.dxe5 dxe5 6.Bc4 Be7 7.Qe2 O-O 8.h3 c6
9.O-O Qc7 10.Bg5 Nc5 11.a4 Ne6 12.Rfd1 a5 13.Rd2 h6 14.Bh4 Nf4 15.Qe3 g5
16.Bg3 N6h5 17.Bh2 b6 18.Bxf4 Nxf4 19.Nh2 Kh7 20.Ne2 Bb4 21.c3 Bc5 22.Qf3 Qe7
23.Rad1 Rb8 24.Nxf4 exf4 25.Qh5 Kg7 26.Ng4 Bxg4 27.hxg4 Rb7 28.Qh3 Qxe4 29.Bd3 Qxa4
30.Bc2 Qc4 31.b3 Qe6 32.Qd3 Rh8 33.Qf3 Rc7 34.Re2 Qf6 35.Qd3 h5 36.Rde1 hxg4
37.Re8 Rh6 38.b4 axb4 39.cxb4 Bxb4 40.R1e5 Re7  0-1

[Event "Gibraltar Open"]
[Site "Caleta ENG"]
[Date "2012.01.25"]
[Round "2.73"]
[White "Oberhofer,A"]
[Black "Skutta,B"]
[Result "1-0"]
[WhiteElo "2299"]
[BlackElo "2078"]

1.e4 d6 2.d4 Nf6 3.Nc3 e5 4.dxe5 dxe5 5.Qxd8+ Kxd8 6.Nf3 Nbd7 7.Ng5 Ke8 8.Bc4 Bb4
9.Nxf7 Rf8 10.Ng5 Nb6 11.Bd3 c5 12.O-O c4 13.Be2 h6 14.Nf3 Bxc3 15.bxc3 Nxe4
16.Nxe5 Rf5 17.Nxc4 Nxc3 18.Bd3 Nxc4 19.Bxc4 Rc5 20.Re1+ Kd8 21.Bb3 Bf5 22.Ba3 Rc7
23.Re5 Bg6 24.Rae1 Rd7 25.Be7+  1-0

[Event "11th Marienbad GMA"]
[Site "Marianske Lazne CZE"]
[Date "2012.01.25"]
[Round "6"]
[White "Oparin,G"]
[Black "Ivanov,MM"]
[Result "1/2-1/2"]
[WhiteElo "2466"]
[BlackElo "2389"]

1.e4 d6 2.d4 Nf6 3.Nc3 e5 4.Nf3 Nbd7 5.Bc4 Be7 6.O-O O-O 7.a4 a5 8.Re1 c6
9.b3 Nb6 10.Bf1 Bg4 11.dxe5 Bxf3 12.Qxf3 dxe5 13.Ne2 Ne8 14.Bb2 Qc7 15.Nc1 Nf6
16.Nd3 Nfd7 17.g3 Rfe8 18.h4 Bf8 19.Red1 Nc5 20.Ne1 Ne6 21.Qe2 Nd4 22.Bxd4 exd4
23.Bg2 Rad8 24.Nf3 c5 25.Qb5 Nc8 26.Nd2 Nd6 27.Qd3 b6 28.Nc4 Nxc4 29.Qxc4 Qd7
30.Rd3 Qe6 31.Qxe6 Rxe6 32.Kf1 g6 33.Re1 h5 34.f4 c4 35.bxc4 Rc6 36.c3  1/2-1/2

[Event "11th Marienbad GMA"]
[Site "Marianske Lazne CZE"]
[Date "2012.01.25"]
[Round "6"]
[White "Kargin,A"]
[Black "Haddouche,M"]
[Result "1-0"]
[WhiteElo "2424"]
[BlackElo "2399"]

1.e4 d6 2.d4 Nf6 3.Nc3 e5 4.Nf3 Nbd7 5.Bc4 Be7 6.O-O O-O 7.a4 c6 8.Re1 Qc7
9.Ba2 h6 10.Qe2 exd4 11.Nxd4 Re8 12.Bf4 Bf8 13.h3 Ne5 14.Be3 b6 15.f4 Ng6
16.Qd3 Bb7 17.Nde2 d5 18.exd5 Rad8 19.Bd4 Nxd5 20.Bxd5 cxd5 21.f5 Nf4 22.Qf3 Nxe2+
23.Rxe2 Bc5 24.Rd2 Re5 25.f6 Rde8 26.fxg7 Re1+ 27.Rxe1 Rxe1+ 28.Kf2 Re6 29.Ne2 Re4
30.Qh5 Ba6 31.Qxh6 Bxd4+ 32.Rxd4 Rxe2+ 33.Kf3 Re3+ 34.Qxe3 Qxc2 35.Qe8+ Kxg7
36.Rg4+ Kf6 37.Rf4+ Kg5 38.Qg8+  1-0

[Event "Gibraltar Open"]
[Site "Caleta ENG"]
[Date "2012.01.26"]
[Round "3.10"]
[White "Felgaer,R"]
[Black "Bologan,V"]
[Result "1-0"]
[WhiteElo "2571"]
[BlackElo "2680"]

1.e4 d6 2.d4 Nf6 3.Nc3 e5 4.Nf3 Nbd7 5.Bc4 Be7 6.O-O O-O 7.a4 c6 8.a5 Rb8
9.Qe2 b5 10.axb6 axb6 11.d5 cxd5 12.exd5 Bb7 13.Ra7 Qc8 14.Bd2 Ra8 15.Rfa1 Rxa7
16.Rxa7 Qb8 17.Nb5 Re8 18.b4 Nf8 19.Bg5 Ng6 20.Bxf6 gxf6 21.g3 f5 22.h4 Qc8
23.h5 Nf8 24.Nh4 Bxh4 25.Nxd6 Qb8 26.Nxe8 b5 27.gxh4 bxc4 28.Nf6+  1-0

[Event "11th Marienbad IMB2"]
[Site "Marianske Lazne CZE"]
[Date "2012.01.26"]
[Round "7"]
[White "Chernyshova,N"]
[Black "Plat,V"]
[Result "0-1"]
[WhiteElo "2072"]
[BlackElo "2425"]

1.d4 d6 2.e4 Nf6 3.Nc3 e5 4.Nf3 Nbd7 5.Bc4 Be7 6.O-O O-O 7.h3 c6 8.a4 Qc7
9.Qe2 b6 10.Bg5 a6 11.Rfd1 Bb7 12.dxe5 dxe5 13.Rd2 b5 14.Bb3 Nc5 15.Rad1 b4
16.Bxf6 Bxf6 17.Nb1 a5 18.Qe3 Be7 19.Bc4 Bc8 20.b3 Ne6 21.Bxe6 Bxe6 22.Rd3 f6
23.Nbd2 Rad8 24.Ne1 c5 25.c4 bxc3 26.Rxc3 Rd4 27.Rdc1 Rfd8 28.Nef3 Qd7 29.R1c2 Qb7
30.Ne1 c4 31.bxc4 Qc6 32.c5 Rxa4 33.Ra3 Rxa3 34.Qxa3 Qb5 35.Qc3 a4 36.c6 a3
37.c7 Rc8 38.Qc6 Qxc6 39.Rxc6 Bd7 40.Rc2 Ba4 41.Rc1 Bb4 42.Nef3 Bd6 43.Nc4 Rxc7
44.Nfd2 Bb4 45.Ra1 Rd7 46.Ra2 Rd4 47.f3 Bb5  0-1

[Event "Gibraltar Open"]
[Site "Caleta ENG"]
[Date "2012.01.27"]
[Round "4.101"]
[White "Nwachukwu,Chino"]
[Black "Skutta,B"]
[Result "1-0"]
[WhiteElo "1926"]
[BlackElo "2078"]

1.e4 d6 2.d4 Nf6 3.Nc3 c6 4.Bd3 e5 5.Nge2 exd4 6.Nxd4 g6 7.O-O Bg7 8.Kh1 O-O
9.f4 Qb6 10.Nf3 Nbd7 11.a4 a5 12.Ra3 Nc5 13.Be3 Qb4 14.Bxc5 Qxc5 15.h3 Nh5
16.Ne2 Bxb2 17.Rb3 Bg7 18.g4 Nf6 19.Ng3 b5 20.axb5 a4 21.Rb1 a3 22.e5 a2
23.exf6 axb1=Q 24.Qxb1 Bh8 25.Kg2 cxb5 26.Ne4 Qe3 27.Qxb5 Ba6 28.Qd5 Bxd3
29.cxd3 Ra3 30.Qxd6 Rxd3 31.Qe5 Ra8 32.Rf2 Rda3 33.Nd6 Qc3 34.g5 Qxe5 35.Nxe5 R3a7
36.Rc2 Bg7 37.fxg7 Kxg7 38.Kg3 f6 39.gxf6+ Kxf6 40.Nb5 Rb7 41.Rc6+ Kg7 42.Nd4 Ra3+
43.Kg4 Ra1 44.Ne6+ Kh6 45.Kh4  1-0